[Event "Chioggia op-B 15th"]
[Site "Chioggia"]
[Date "2022.10.01"]
[Round "2"]
[White "Del Monego, Samuele"]
[Black "Morganti, Lionello"]
[Result "1/2-1/2"]
[WhiteElo "1344"]
[BlackElo "1594"]
[PlyCount "62"]
[EventDate "2022.09.30"]
[EventType "swiss"]
[EventRounds "5"]
[EventCountry "ITA"]
[SourceTitle "EXT 2024"]
[Source "ChessBase"]
[SourceDate "2023.10.10"]
[SourceVersion "1"]
[SourceVersionDate "2023.10.10"]
[SourceQuality "1"]

1. e4 d6 2. d4 Nf6 3. Nc3 g6 4. Be3 Bg7 5. h3 0-0 6. Qd2 c6 7. g4 b5 8. Bg2 Qa5 9. Nge2 Bb7 10. 0-0 Nbd7 11. Ng3 Nb6 12. b3 Rfe8 13. f4 Nfd7 14. f5 c5 15. Nge2 cxd4 16. Bxd4 Rac8 17. Bxg7 Kxg7 18. g5 b4 19. f6+ exf6 20. gxf6+ Nxf6 21. Qd4 Qe5 22. Qxb4 Nxe4 23. Nxe4 Bxe4 24. Bxe4 Qxe4 25. Qd4+ Kg8 26. Qf6 Qe6 27. Nd4 Qxf6 28. Rxf6 d5 29. Rc1 Kg7 30. Rd6 Rcd8 31. Rc6 Re7 1/2-1/2